Η προπαγάνδα : μεθοδική και τεχνική της αγωγής των μαζών
Saved in:
| Main Author: | |
|---|---|
| Format: | Book |
| Language: | Greek |
| Published: |
Αθήναι :
Γεωργιάδης,
1967.
|
| Subjects: | |
| Tags: |
Add Tag
No Tags, Be the first to tag this record!
|
MARC
| LEADER | 00000cam a2200000 i 4500 | ||
|---|---|---|---|
| 001 | 1/3656 | ||
| 008 | 100125s1967 gr | ||| |||| ||gre|| | ||
| 035 | |l 10106451 | ||
| 040 | |a GR-MyUA |b gre |e AACR2 | ||
| 041 | 0 | |a gre | |
| 082 | 0 | |a 303.375 |2 (22) | |
| 100 | 1 | |a Γεωργαλάς, Γεώργιος Κ., |d 1928- | |
| 245 | 1 | 2 | |a Η προπαγάνδα : |b μεθοδική και τεχνική της αγωγής των μαζών / |c Γεωργίου Κ. Γεωργαλά. |
| 260 | |a Αθήναι : |b Γεωργιάδης, |c 1967. | ||
| 300 | |a 361 σ. ; |c 25 εκ. | ||
| 504 | |a Περιέχει βιβλιογραφικές παραπομπές. | ||
| 650 | 0 | 0 | |a Propaganda. |
| 650 | 0 | 0 | |a Propaganda, Communist. |
| 852 | |a INST |b SAMOS |e 20100125 |h 303.375 ΓΕΩ |p 005300030839 |q 005300030839 |t BK |y 0 | ||
| 901 | |a BIBL3-2010-1 | ||
| 909 | |a Σ |b 158561 | ||
| 970 | |a ΡΟΥΣΣΟΥ |b ΚΩΝΣΤΑΝΤΙΝΑ |z 2010/01/25 | ||